Statistics for What country is that dictator from?

Click here to take the quiz!

General Stats

  • This quiz has been taken 67 times
  • The average score is 13 of 15

Answer Stats

HintAnswer% Correct
Wilhelm IIGermany
98%
Benito MussoliniItaly
98%
Kim Jong-UnNorth Korea
98%
Fidel CastroCuba
96%
HirohitoJapan
96%
Mao ZedongChina
94%
Genghis KhanMongolia
93%
Muammar GaddafiLibya
91%
Adolf HitlerAustria
81%
Alexander LukashenkoBelarus
81%
Robert MugabeZimbabwe
80%
Ali KhameneiIran
76%
Hugo ChavezVenezuela
74%
Joseph StalinGeorgia
70%
Miklos HorthyHungary
48%

Score Distribution

Percentile by Number Answered

Percent of People with Each Score

Your Score History

You have not taken this quiz